مكتبة جامعة عجلون الوطنية

فهرس بحث المكتبة

Normal view MARC view
  • .م،مشارك/ الحوراني،منير مترجم/جمل،محمد جهاد مراجع ومعدل Caro A،Nassab/ مؤلف Donald j،Trewfinger

Entry Personal Name

Number of records used in: 1

001 - CONTROL NUMBER

  • control field: 22482

003 - CONTROL NUMBER IDENTIFIER

  • control field: JO-AjAnu

005 - DATE AND TIME OF LATEST TRANSACTION

  • control field: 20230606073859.0

008 - FIXED-LENGTH DATA ELEMENTS

  • fixed length control field: 230606|| aca||aabn | a|a d

040 ## - CATALOGING SOURCE

  • Original cataloging agency: JO-AjAnu
  • Transcribing agency: JO-AjAnu

100 ## - HEADING--PERSONAL NAME

  • Personal name: .م،مشارك/ الحوراني،منير مترجم/جمل،محمد جهاد مراجع ومعدل Caro A،Nassab/ مؤلف Donald j،Trewfinger

670 ## - SOURCE DATA FOUND

  • Source citation: Work cat.: (JO-AjAnu)11555: .م،مشارك/ الحوراني،منير مترجم/جمل،محمد جهاد مراجع ومعدل Caro A،Nassab/ مؤلف Donald j،Trewfinger, author, أسس التفكير وأدواته: مفاهيم وتدريبات في تعلم التفكير بنوعية الإبداعي والناقد=ThinkingTools Lessons: Acollection Of Lessons For Teaching Creative and Critical Thinking